| 000 | 00773nam a2200241 a 4500 | ||
|---|---|---|---|
| 001 | 67722 | ||
| 003 | BD-RjUL | ||
| 005 | 20211209081703.0 | ||
| 008 | 170328s1984 nyu||||| |||| 00| 0 eng d | ||
| 020 | _a9710844563 | ||
| 035 | _a(BD-RjUL)67931 | ||
| 040 |
_aBD-RjUL _beng _cBD-RjUL |
||
| 041 | _aeng | ||
| 082 |
_223 _a539 _bWIM 1984 |
||
| 100 | 1 |
_a Williams, John E. _9200770 |
|
| 245 | 1 | 0 |
_aModern physics : _bExercises and experiments in physics / _cJohn E. Williams, Frederick E. Trinklein and H. Clark Metcalfe |
| 260 |
_aNew York : _bHolt, Rinehart and Winston, _c©1984. |
||
| 300 |
_axvii, 335 p. : _bill. ; _c25 cm. |
||
| 650 |
_aModern physics _9159266 |
||
| 700 |
_aTrinklein, Frederick E. _9200771 |
||
| 700 |
_aMetcalfe, H. Clark _9200772 |
||
| 942 |
_2ddc _cBK |
||
| 999 |
_c67722 _d67722 |
||